Statistics for 読み方が難しい地名 北海道道東編

Click here to take the quiz!

General Stats

  • This quiz has been taken 33 times
  • The average score is 14 of 44

Answer Stats

所在地の例字数問題解答欄% Correct
北海道釧路市5大楽毛おたのしけ
90%
北海道音更町5然別しかりべつ
87%
北海道紋別市7渚滑町しょこつちょう
77%
北海道厚岸町5愛冠あいかっぷ
65%
北海道小清水町4止別やんべつ
61%
北海道釧路市7幣舞町ぬさまいちょう
58%
北海道幕別町5軍岡いくさおか
55%
北海道白糠町4馬主来ぱしくる
52%
北海道釧路市4音別町「馬主来」ぱしくる
52%
北海道釧路町7仙鳳趾村「重蘭窮」ちぷらんけうし
48%
北海道興部町3沙留さるる
45%
北海道足寄町4鷲府わしっぷ
45%
北海道釧路町4跡永賀村「初無敵」そむてき
42%
北海道釧路町6仙鳳趾村「知方学」ちっぽまない
39%
北海道釧路町5昆布森村「又飯時」またいとき
35%
北海道湧別町3志撫子しぶし
35%
北海道音更町4長流枝おさるし
35%
北海道遠軽町5白滝「支湧別」しゅうべつ
29%
北海道釧路市6阿寒町「上徹別」かみてしべつ
29%
北海道浜中町6羨古丹うらやこたん
29%
北海道釧路町6仙鳳趾村「老者舞」おしゃまっぷ
29%
北海道釧路町5仙鳳趾村「入境学」にこまない
26%
北海道広尾町5音調津おしらべつ
26%
北海道釧路町6仙鳳趾村「分遣瀬」わかちゃらせ
23%
北海道釧路町6跡永賀村あとえかむら
23%
北海道佐呂間町4富武士とっぷし
23%
北海道釧路町3跡永賀村「冬窓床」ぶゆま
23%
北海道中標津町6並美ケ丘ならびがおか
19%
北海道釧路町4昆布森村「来止臥」きとうし
19%
北海道釧路町5跡永賀村「浦雲泊」ぽんとまり
19%
北海道足寄町7大誉地本町およちもとまち
19%
北海道美幌町4瑞治みずはる
16%
北海道釧路町5仙鳳趾村「賤夫向」せきねっぷ
16%
北海道浜中町4後静しりしず
16%
北海道西興部村6忍路子おしょろっこ
16%
北海道陸別町5上斗満かみとまむ
13%
北海道帯広市8基松町もといまつちょう
13%
北海道本別町5押帯おしょっぷ
10%
北海道豊頃町5旅来たびこらい
10%
北海道厚岸町3末広まびろ
10%
北海道釧路市6治水町じすいちょう
10%
北海道浜中町5貰人もうらいと
6%
北海道浜中町4恵茶人えさしと
3%
北海道遠軽町5丸瀬布「上武利」かみむりい
3%

Score Distribution

Percentile by Number Answered

Percent of People with Each Score

Your Score History

You have not taken this quiz